Results of spirit leveling in Pennsylvania for the years 1899 to 1905 inclusive / (Record no. 24463)

MARC details
000 -LEADER
fixed length control field 01024cam a22002891i 4500
001 - CONTROL NUMBER
control field gs 06000719
003 - CONTROL NUMBER IDENTIFIER
control field DLC
005 - DATE AND TIME OF LATEST TRANSACTION
control field 20260227111304.0
008 - FIXED-LENGTH DATA ELEMENTS--GENERAL INFORMATION
fixed length control field 790302s1906 dcu f001 0 eng
010 ## - LIBRARY OF CONGRESS CONTROL NUMBER
LC control number gs 06000719
035 ## - SYSTEM CONTROL NUMBER
System control number (OCoLC)4707668
040 ## - CATALOGING SOURCE
Original cataloging agency DLC
Transcribing agency ICharE
Modifying agency DLC
042 ## - AUTHENTICATION CODE
Authentication code premarc
043 ## - GEOGRAPHIC AREA CODE
Geographic area code n-us-pa
050 00 - LIBRARY OF CONGRESS CALL NUMBER
Classification number QE75
Item number .B9 no. 288
100 1# - MAIN ENTRY--PERSONAL NAME
Personal name Gannett, Samuel S.
Fuller form of name (Samuel Stinson),
Dates associated with a name 1861-1939.
245 10 - TITLE STATEMENT
Title Results of spirit leveling in Pennsylvania for the years 1899 to 1905 inclusive /
Statement of responsibility, etc. by S. S. Gannett and D. H. Baldwin.
260 ## - PUBLICATION, DISTRIBUTION, ETC.
Place of publication, distribution, etc. Washington,
Name of publisher, distributor, etc. Govt. Print. Off.,
Date of publication, distribution, etc. 1906.
300 ## - PHYSICAL DESCRIPTION
Extent 62, ii p. ;
Dimensions 24 cm.
490 1# - SERIES STATEMENT
Series statement U.S. Geological survey. Bulletin
Volume/sequential designation no. 288
500 ## - GENERAL NOTE
General note Subject series: F, Geography, 50.
500 ## - GENERAL NOTE
General note Issued also as House doc. no. 836, 59th Cong., 1st sess.
500 ## - GENERAL NOTE
General note Includes index.
651 #0 - SUBJECT ADDED ENTRY--GEOGRAPHIC NAME
Geographic name Pennsylvania
General subdivision Altitudes.
700 1# - ADDED ENTRY--PERSONAL NAME
Personal name Baldwin, David Henry,
Dates associated with a name 1873-
Relator term joint author.
810 2# - SERIES ADDED ENTRY--CORPORATE NAME
Corporate name or jurisdiction name as entry element Geological Survey (U.S.).
Title of a work Bulletin ;
Volume/sequential designation no. 288.

No items available.

Powered by Koha